Statistiques concernant Participants Destination Eurovision France 2022

Cliquez ici pour prendre le quiz!

Statistiques générales

  • Ce quiz a été pris 33 fois
  • Le résultat moyen est 17 sur 24

Statistiques - réponses

Réponse% Correct
Fulenn
94%
SOA
88%
Seule
81%
Alvan & Ahez
78%
Elliott
78%
Hélène in Paris
78%
Madame
78%
Ma famille
78%
Nuit Pauline
75%
Téléphone
75%
Elia
72%
Marius
72%
Pauline Chagne
72%
Joan
69%
La tempête
69%
Les chansons d'amour
69%
Paris mon amour
69%
Saam
69%
Cyprien Zeni
66%
Il est où ?
66%
Navigateure
59%
Chut
56%
Joanna
53%
Julia
53%

Distribution des résultats

Percentile par nombre de réponses

% des personnes avec chaque résultat

Votre développement - résultats

Vous n’avez pas pris ce quiz